000 00637nam a2200217Ii 4500
001 11719
003 CO-ViMGA
008 241108s9999||||xx |||||||||||||| ||und||
020 _a8420007862
040 _aCO-ViMGA
_bspa
_erda
_cCO-ViMGA
041 0 _aunk
082 0 4 _a660.65 P976i
100 1 _aAlfred Pühler
_953389
245 1 0 _aIngeniería Genética de los Animales
264 1 _a[Lugar de publicación no identificado] : Acribia, 1995
300 _avolumen
336 _atext
_btxt
_2rdacontent
337 _aunmediated
_bn
_2rdamedia
338 _avolume
_bnc
_2rdacarrier
940 _aidficha_siabuc: 11443. -- ficha_no_siabuc:11719
999 _c49998
_d49998